000 00721nam a2200253Ia 4500
003 OSt
005 20220918201608.0
006 a|||||r|||| 00| 0
007 ta
008 220917b |||||||| |||| 00| 0 eng d
024 _a95,036
037 _cTextual
040 _aARTS
_cARTS
_beng
041 _2eng
_aeng
082 _aV20r73:51.N42, L9
100 _aVenkataramani M S
_999691
245 0 _aQuit India
_b the American response to the 1942 struggle
260 _aNew Delhi
_bVikas
_c1979
300 _ax,350p.
_ccm.
650 _aHISTORY
700 _a Shrivastava B K
_999692
942 _hV20r73:51.N42, L9
_cTEXL
_2CC
999 _c218661
_d218661